Sports Quiz

Random Sports or Baseball Quiz

Oakland Athletics saves leaders Quiz Stats

 Plays Quiz not verified by Sporcle

Challenge
Share
Tweet
Embed
Score 0/6 Timer 02:00
0 Plays Today
Years Answer % Correct
1987-1995Dennis Eckersley
97.4%
1968-1976Rollie Fingers
87%
2005-2008Huston Street
81.8%
2009-2011Andrew Bailey
63.6%
1999-2001Jason Isringhausen
59.7%
1994, 1996-1999Billy Taylor
42.9%

You're not logged in!

Compare scores with friends on all Sporcle quizzes.
OR
Log In

You Might Also Like...

Show Comments

Extras

Top Quizzes Today


Score Distribution

Your Account Isn't Verified!

In order to create a playlist on Sporcle, you need to verify the email address you used during registration. Go to your Sporcle Settings to finish the process.

Report this User

Report this user for behavior that violates our Community Guidelines.

Details: